MARC

LEADER 00000nam0a2200000 4500
001 59169
005 20231101211806.0
010 |a 5217001690 
035 |a (RuTPU)RU\TPU\book\62540 
090 |a 59169 
100 |a 20031222d1988 k y0rusy50 ca 
101 0 |a rus 
102 |a RU 
105 |a a z 001zy 
200 1 |a Системы технического зрения (принципиальные основы, аппаратное и математическое обеспечение)  |f под ред. А. Н. Писаревского, А. Ф. Чернявского 
210 |a Ленинград  |c Машиностроение  |d 1988 
215 |a 423 с.  |c ил. 
320 |a Библиогр.: с. 409-422. 
606 1 |a Роботы промышленные  |x Детали и узлы  |2 stltpush  |3 (RuTPU)RU\TPU\subj\25296  |9 49493 
610 1 |a робототехника 
610 1 |a техническое зрение 
610 1 |a очувствление 
610 1 |a изображения 
610 1 |a электронная техника 
610 1 |a обработка 
610 1 |a голографические методы 
675 |a 621.865.8-2  |v 3 
702 1 |a Писаревский  |b А. Н.  |g Александр Николаевич  |4 340 
702 1 |a Чернявский  |b А. Ф.  |g Александр Федорович  |4 340 
801 1 |a RU  |b 63413507  |c 20031222  |g PSBO 
801 2 |a RU  |b 63413507  |c 20230126  |g PSBO 
942 |c BK